[Event "American Continental 19th"]
[Site "Foz do Iguacu"]
[Date "2025.05.26"]
[Round "6"]
[White "Almeida Junior, Alvaro Alves de"]
[Black "Morales Flores, Monserrat"]
[Result "1-0"]
[WhiteElo "2179"]
[BlackElo "1919"]
[PlyCount "83"]
[EventDate "2025.05.23"]
[EventType "swiss"]
[EventRounds "11"]
[EventCountry "BRA"]
[SourceTitle "CB23_2025"]
[SourceDate "2025.06.04"]
[SourceVersion "1"]
[SourceVersionDate "2025.06.04"]
[SourceQuality "1"]

1. e4 c5 2. Nc3 e6 3. Nge2 a6 4. g3 Nc6 5. Bg2 Nf6 6. 0-0 Be7 7. d4 cxd4 8. Nxd4 Qc7 9. Nb3 Ne5 10. h3 d6 11. Nd2 h5 12. Qe2 Qb6 13. Nc4 Nxc4 14. Qxc4 Bd7 15. Be3 Qc6 16. Qd3 e5 17. f4 Rc8 18. Rf2 Qc4 19. Rd1 b5 20. a3 Be6 21. Qd2 b4 22. axb4 Qxb4 23. Nd5 Qxd2 24. Rdxd2 Bxd5 25. exd5 exf4 26. Rxf4 Bd8 27. Bf1 a5 28. Bb5+ Kf8 29. Bc6 Rb8 30. b3 Bb6 31. Bxb6 Rxb6 32. Ra4 g5 33. Rxa5 Kg7 34. Rd4 Rd8 35. Ra7 Kg6 36. Kg2 Rdb8 37. Raa4 Ng8 38. Re4 Nf6 39. Re7 Rc8 40. Raa7 Rbxc6 41. dxc6 Rxc6 42. Rac7 1-0

[Event "American Continental 19th"]
[Site "Foz do Iguacu"]
[Date "2025.05.24"]
[Round "2"]
[White "Almeida Junior, Alvaro Alves de"]
[Black "Panjwani, Raja"]
[Result "0-1"]
[WhiteElo "2179"]
[BlackElo "2446"]
[PlyCount "48"]
[EventDate "2025.05.23"]
[EventType "swiss"]
[EventRounds "11"]
[EventCountry "BRA"]
[SourceTitle "CB23_2025"]
[SourceDate "2025.06.04"]
[SourceVersion "1"]
[SourceVersionDate "2025.06.04"]
[SourceQuality "1"]

1. e4 c5 2. Nf3 Nc6 3. d4 cxd4 4. Nxd4 e5 5. Nb5 d6 6. c4 Be7 7. N1c3 a6 8. Na3 Be6 9. Nc2 Nf6 10. Be2 0-0 11. 0-0 Rc8 12. b3 b5 13. cxb5 axb5 14. Qd3 Qa5 15. Nxb5 d5 16. exd5 Nxd5 17. a3 f5 18. b4 Qa8 19. Nc3 Nxc3 20. Qxc3 Nd4 21. Nxd4 Rxc3 22. Nxe6 Rf6 23. Bb2 Rg6 24. g3 Rc2 0-1

[Event "American Continental 19th"]
[Site "Foz do Iguacu"]
[Date "2025.05.24"]
[Round "3"]
[White "Pimenta, Jeronimo Marques"]
[Black "Almeida Junior, Alvaro Alves de"]
[Result "1-0"]
[WhiteElo "1946"]
[BlackElo "2179"]
[PlyCount "107"]
[EventDate "2025.05.23"]
[EventType "swiss"]
[EventRounds "11"]
[EventCountry "BRA"]
[SourceTitle "CB23_2025"]
[SourceDate "2025.06.04"]
[SourceVersion "1"]
[SourceVersionDate "2025.06.04"]
[SourceQuality "1"]

1. d4 Nf6 2. c4 g6 3. Nc3 d5 4. cxd5 Nxd5 5. Bd2 Bg7 6. e4 Nb6 7. Be3 0-0 8. Nf3 Nc6 9. Be2 Bg4 10. d5 Na5 11. Bd4 Qd6 12. Bxg7 Kxg7 13. Qd4+ Kg8 14. e5 Qd7 15. e6 Bxe6 16. dxe6 Qxe6 17. Qe5 Qxe5 18. Nxe5 f6 19. b4 fxe5 20. bxa5 Nd7 21. Bc4+ Kh8 22. Rd1 Nc5 23. Rd5 b6 24. Rxe5 Rf4 25. Be2 e6 26. 0-0 Raf8 27. f3 Rb4 28. Rb1 Rd4 29. axb6 cxb6 30. Ne4 Nxe4 31. Rxe4 Rxe4 32. fxe4 Rc8 33. Rb2 Kg7 34. Kf2 Kf6 35. Ke3 Ke5 36. Bd3 Rc3 37. Kd2 Ra3 38. Bc4 Kxe4 39. Bxe6 Rd3+ 40. Ke2 Re3+ 41. Kf2 Rc3 42. Bg8 Rc7 43. Rd2 h5 44. Bb3 g5 45. Rd8 Rc5 46. Rh8 h4 47. g3 hxg3+ 48. Kxg3 a5 49. Kg4 b5 50. Rg8 a4 51. Be6 Rc6 52. Bf5+ Ke5 53. Kxg5 b4 54. Rb8 1-0

[Event "BRA-ch Amateurs U2300"]
[Site "Sao Paulo"]
[Date "2024.06.01"]
[Round "6"]
[White "De Andrade, Osvaldo Cezar G"]
[Black "Almeida Junior, Alvaro Alves de"]
[Result "0-1"]
[WhiteElo "2026"]
[BlackElo "2129"]
[PlyCount "52"]
[EventDate "2024.05.30"]
[EventType "swiss"]
[EventRounds "7"]
[EventCountry "BRA"]
[SourceTitle "CBM 220 Extra"]
[Source "ChessBase"]
[SourceDate "2024.07.31"]
[SourceVersion "1"]
[SourceVersionDate "2024.07.31"]
[SourceQuality "1"]

1. e4 c5 2. Nf3 d6 3. d4 cxd4 4. Nxd4 Nf6 5. Nc3 a6 6. Bg5 e6 7. f4 Qb6 8. Qd3 Qxb2 9. Rb1 Qa3 10. Be2 Be7 11. e5 dxe5 12. fxe5 Nfd7 13. Rb3 Qc5 14. Nxe6 fxe6 15. Bxe7 Qxe7 16. Rf1 Nc5 17. Bh5+ g6 18. Bxg6+ hxg6 19. Qxg6+ Kd8 20. Rf7 Qh4+ 21. g3 Qh6 22. Qg4 Nxb3 23. axb3 Qe3+ 24. Ne2 Bd7 25. Qg7 Re8 26. h4 a5 0-1

[Event "Titled Tuesday intern op 30th Apr Late"]
[Site "Chess.com INT"]
[Date "2024.04.30"]
[Round "1"]
[White "Almeida Junior, Alvaro Alves de"]
[Black "Pinero Rodriguez, Carlos Jose"]
[Result "0-1"]
[WhiteElo "2129"]
[BlackElo "2284"]
[PlyCount "172"]
[EventDate "2024.04.30"]
[EventType "swiss (blitz)"]
[EventRounds "11"]
[EventCountry "USA"]
[SourceTitle "EXT 2025"]
[Source "ChessBase"]
[SourceDate "2024.10.14"]
[SourceVersion "1"]
[SourceVersionDate "2024.10.14"]
[SourceQuality "1"]

1. e4 c5 2. Nf3 e6 3. d4 cxd4 4. Nxd4 a6 5. c4 Qc7 6. Nc3 Nf6 7. Bd3 d6 8. Be3 Be7 9. 0-0 Nbd7 10. Rc1 b6 11. f3 Bb7 12. Qd2 0-0 13. b3 Rac8 14. Qf2 Qb8 15. Na4 Bd8 16. Rfd1 Bc7 17. Ne2 Rfe8 18. Nxb6 Bxb6 19. Bxb6 d5 20. exd5 exd5 21. Bd4 Ne5 22. Bxe5 Qxe5 23. cxd5 Nxd5 24. Bc4 Ne3 25. Re1 Nxc4 26. bxc4 Qg5 27. Ng3 h5 28. Ne4 Bxe4 29. fxe4 Rxe4 30. Rf1 Qc5 31. Rc3 Qxf2+ 32. Rxf2 Rexc4 33. Rxc4 Rxc4 34. h3 g6 35. Rb2 Ra4 36. Kf2 Ra3 37. Ke2 Kg7 38. Kf2 h4 39. Kg1 g5 40. Kh2 f6 41. Rb7+ Kg6 42. Rb2 a5 43. Rf2 Rc3 44. Rb2 a4 45. Rb4 Ra3 46. Rb2 Kf5 47. Rb5+ Ke4 48. Rb6 Ke5 49. Rb5+ Ke6 50. Rb6+ Kf7 51. Rb7+ Kg6 52. Rb2 g4 53. hxg4 Kg5 54. Rf2 Kg6 55. Rb2 Rd3 56. Rb4 a3 57. Ra4 Kf7 58. Ra5 Rc3 59. Kg1 Ke6 60. Kh2 Kd6 61. Ra6+ Ke7 62. Ra5 Rd3 63. Ra6 Kf7 64. Ra5 Kg6 65. Kh1 Rd1+ 66. Kh2 Rd3 67. Kh1 Rg3 68. Kh2 Kf7 69. Ra7+ Ke6 70. Ra6+ Ke7 71. Ra7+ Kd6 72. Ra6+ Ke5 73. Ra5+ Kd4 74. Ra4+ Kc5 75. Ra5+ Kb4 76. Rf5 Rxg4 77. Rxf6 Kc3 78. Rb6 Rb4 79. Rxb4 Kxb4 80. Kh3 Kc3 81. Kxh4 Kb2 82. g4 Kxa2 83. g5 Kb2 84. g6 a2 85. g7 a1Q 86. g8Q Qh1+ 0-1

[Event "Titled Tuesday intern op 06th Feb Early"]
[Site "Chess.com INT"]
[Date "2024.02.06"]
[Round "3"]
[White "Kanyamarala, Trisha"]
[Black "Almeida Junior, Alvaro Alves de"]
[Result "1-0"]
[WhiteElo "2243"]
[BlackElo "2129"]
[PlyCount "77"]
[EventDate "2024.02.06"]
[EventType "swiss (blitz)"]
[EventRounds "11"]
[EventCountry "USA"]
[SourceTitle "CBM 218 Extra"]
[Source "ChessBase"]
[SourceDate "2024.03.31"]
[SourceVersion "1"]
[SourceVersionDate "2024.03.31"]
[SourceQuality "1"]

1. c4 e5 2. Nc3 Nf6 3. Nf3 Nc6 4. g3 d5 5. cxd5 Nxd5 6. Bg2 Nb6 7. 0-0 Be7 8. d3 0-0 9. b3 Be6 10. Bb2 f5 11. Nd2 Nd5 12. Nc4 Bf6 13. Rc1 Kh8 14. a3 Nxc3 15. Bxc3 Bd5 16. e4 fxe4 17. dxe4 Bxc4 18. bxc4 Nd4 19. Bxd4 exd4 20. e5 Bxe5 21. Bxb7 Rb8 22. Be4 Qf6 23. Qh5 g6 24. Bxg6 Qxg6 25. Qxe5+ Qg7 26. Qc5 Rb2 27. Rcd1 Qf6 28. Qxd4 Qxd4 29. Rxd4 Ra2 30. Rd7 Rxa3 31. Rxc7 Rc3 32. Rxa7 Rxc4 33. Re1 Rc2 34. Ree7 Rd8 35. Rxh7+ Kg8 36. Rhg7+ Kf8 37. Raf7+ Ke8 38. Rg8+ Kxf7 39. Rxd8 1-0

[Event "Titled Tuesday intern op 14th Nov Early"]
[Site "Chess.com INT"]
[Date "2023.11.14"]
[Round "3"]
[White "Winkels, Marcel"]
[Black "Almeida Junior, Alvaro Alves de"]
[Result "0-1"]
[WhiteElo "1902"]
[BlackElo "2090"]
[PlyCount "94"]
[EventDate "2023.11.14"]
[EventType "swiss (blitz)"]
[EventRounds "11"]
[EventCountry "USA"]
[SourceTitle "CBM 217 Extra"]
[Source "ChessBase"]
[SourceDate "2024.01.31"]
[SourceVersion "1"]
[SourceVersionDate "2024.01.31"]
[SourceQuality "1"]

1. e4 c5 2. Nf3 d6 3. d4 cxd4 4. Nxd4 Nf6 5. Nc3 a6 6. h3 e5 7. Nf3 Be6 8. g4 h6 9. Rg1 Nbd7 10. g5 hxg5 11. Nxg5 Rc8 12. Be3 Bc4 13. Bxc4 Rxc4 14. Qd3 Qc7 15. 0-0-0 b5 16. Kb1 b4 17. Nd5 Nxd5 18. Qxd5 Nf6 19. Qa8+ Qc8 20. Qxc8+ Rxc8 21. Rd2 Be7 22. f3 Nh5 23. Rdg2 Kd7 24. Nxf7 Rhf8 25. Ng5 Nf4 26. Bxf4 Rxf4 27. Rg4 Rcf8 28. h4 Bxg5 29. Rxg5 Rxf3 30. Rxg7+ Kc6 31. b3 R8f4 32. h5 Rh3 33. R1g5 Rxe4 34. R7g6 Rh2 35. h6 Re1+ 36. Kb2 Ree2 37. Re6 Rxc2+ 38. Kb1 Rb2+ 39. Kc1 Rxa2 40. Kb1 Rae2 41. Rg1 Rb2+ 42. Ka1 Ra2+ 43. Kb1 Rhb2+ 44. Kc1 Ra1+ 45. Kxb2 Rxg1 46. Rg6 Rxg6 47. h7 Rh6 0-1

[Event "Titled Tuesday intern op 12th Sep Late"]
[Site "Chess.com INT"]
[Date "2023.09.12"]
[Round "3"]
[White "Almeida Junior, Alvaro Alves de"]
[Black "Polaczek, Richard"]
[Result "0-1"]
[WhiteElo "2046"]
[BlackElo "2302"]
[PlyCount "66"]
[EventDate "2023.09.12"]
[EventType "swiss (blitz)"]
[EventRounds "11"]
[EventCountry "USA"]
[SourceTitle "EXT 2024"]
[Source "ChessBase"]
[SourceDate "2023.10.10"]
[SourceVersion "1"]
[SourceVersionDate "2023.10.10"]
[SourceQuality "1"]

1. e4 Nf6 2. Nc3 d5 3. exd5 Nxd5 4. Bc4 Nb6 5. Bb3 Nc6 6. a4 Nd4 7. Ba2 a5 8. d3 g6 9. Be3 Bg7 10. Nge2 Nf5 11. Bxb6 cxb6 12. 0-0 0-0 13. Ng3 Nd4 14. Re1 e5 15. Nce2 Nc6 16. c3 Kh8 17. Qc2 f5 18. Rad1 Qh4 19. d4 exd4 20. Nxd4 Bxd4 21. cxd4 Nb4 22. Qc7 Nxa2 23. d5 Qd8 24. Qe5+ Qf6 25. Qc7 Nb4 26. d6 Na6 27. Qxb6 Bd7 28. Qxb7 Bxa4 29. Re7 Nc5 30. Rxh7+ Kg8 31. Qd5+ Kxh7 32. Qxc5 Bxd1 33. d7 Rad8 0-1

[Event "Titled Tuesday intern op 05th Sep Late"]
[Site "Chess.com INT"]
[Date "2023.09.05"]
[Round "2"]
[White "Almeida Junior, Alvaro Alves de"]
[Black "Reprintsev, Alexander"]
[Result "0-1"]
[WhiteElo "2046"]
[BlackElo "2227"]
[PlyCount "80"]
[EventDate "2023.09.05"]
[EventType "swiss (blitz)"]
[EventRounds "11"]
[EventCountry "USA"]
[SourceTitle "EXT 2024"]
[Source "ChessBase"]
[SourceDate "2023.10.10"]
[SourceVersion "1"]
[SourceVersionDate "2023.10.10"]
[SourceQuality "1"]

1. e4 d5 2. exd5 Qxd5 3. Nc3 Qd6 4. d4 c6 5. Bc4 Be6 6. Bxe6 Qxe6+ 7. Qe2 Qxe2+ 8. Ngxe2 e6 9. Bf4 Nd7 10. 0-0-0 Ngf6 11. Rhe1 Bb4 12. a3 Ba5 13. b4 Bb6 14. Na4 Nd5 15. Bd6 Bc7 16. Bxc7 Nxc7 17. c4 a5 18. Nac3 axb4 19. axb4 Nb6 20. c5 Nbd5 21. Nxd5 Nxd5 22. Kb2 Nxb4 23. Nc3 Ke7 24. Kb3 Nd5 25. Nxd5+ cxd5 26. Ra1 Kd7 27. Reb1 Kc6 28. Kc3 Rxa1 29. Rxa1 b6 30. Ra6 Rb8 31. Kb4 g5 32. Kc3 f6 33. Ra7 Rb7 34. Ra8 bxc5 35. dxc5 Kxc5 36. Rf8 f5 37. Rg8 g4 38. Re8 Kd6 39. Rd8+ Ke5 40. Kd3 Rb2 0-1

[Event "Caioba op 7th"]
[Site "Caioba"]
[Date "2023.06.19"]
[Round "2"]
[White "Almeida Junior, Alvaro Alves de"]
[Black "Cubas, Jose Fernando"]
[Result "0-1"]
[WhiteElo "2062"]
[BlackElo "2457"]
[PlyCount "103"]
[EventDate "2023.06.18"]
[EventType "swiss"]
[EventRounds "9"]
[EventCountry "BRA"]
[SourceTitle "CBM 214 Extra"]
[Source "ChessBase"]
[SourceDate "2023.07.31"]
[SourceVersion "1"]
[SourceVersionDate "2023.07.31"]
[SourceQuality "1"]

1. e4 c5 2. Nf3 Nc6 3. c4 e6 4. Nc3 Nge7 5. d4 cxd4 6. Nxd4 Nxd4 7. Qxd4 Nc6 8. Qd1 Bc5 9. Be2 0-0 10. 0-0 b6 11. Bf4 Nd4 12. Be3 Qf6 13. f4 Ba6 14. Bd3 Qe7 15. b4 Nf5 16. Bxc5 bxc5 17. exf5 cxb4 18. Ne4 exf5 19. Ng3 Qc5+ 20. Kh1 g6 21. Rc1 Bb7 22. Be2 Bc6 23. Bf3 a5 24. Ne2 Rfe8 25. Nd4 Bxf3 26. Nxf3 Re4 27. Ne5 d6 28. Nd7 Qd4 29. Qxd4 Rxd4 30. Rfd1 Rxd1+ 31. Rxd1 Rc8 32. Rc1 Kg7 33. Nb6 Re8 34. h3 Re2 35. Ra1 Rc2 36. a3 b3 37. Rb1 b2 38. Kh2 g5 39. fxg5 f4 40. Na4 f3 41. Nxb2 Rxg2+ 42. Kh1 Rg3 43. h4 Kg6 44. Nd3 Kh5 45. Rc1 Kxh4 46. Nf2 Rg2 47. Ne4 Re2 48. Nxd6 f2 49. Kg2 Re1 50. Nf5+ Kxg5 51. Kxf2 Rxc1 52. Nd6 0-1

[Event "Titled Tuesday intern op 30th May Late"]
[Site "Chess.com INT"]
[Date "2023.05.30"]
[Round "1"]
[White "Al Hosani, Omran"]
[Black "Almeida Junior, Alvaro Alves de"]
[Result "1-0"]
[WhiteElo "2270"]
[BlackElo "2062"]
[PlyCount "69"]
[EventDate "2023.05.30"]
[EventType "swiss (blitz)"]
[EventRounds "11"]
[EventCountry "USA"]
[SourceTitle "CBM 214 Extra"]
[Source "ChessBase"]
[SourceDate "2023.07.31"]
[SourceVersion "1"]
[SourceVersionDate "2023.07.31"]
[SourceQuality "1"]

1. e4 c5 2. Nf3 d6 3. Bb5+ Bd7 4. Bxd7+ Qxd7 5. d4 cxd4 6. Nxd4 Nf6 7. 0-0 g6 8. c4 Bg7 9. Nc3 0-0 10. Re1 Nc6 11. Nc2 Rac8 12. Rb1 Qe6 13. b3 Nd7 14. Nd5 Nc5 15. Bg5 h6 16. Bh4 g5 17. Bg3 Nd7 18. b4 Nf6 19. b5 Ne5 20. Nd4 Qd7 21. Nf5 Nxd5 22. cxd5 Rc5 23. h4 Rxb5 24. Rxb5 Qxb5 25. Nxe7+ Kh8 26. hxg5 Qd7 27. Nf5 hxg5 28. Qh5+ Kg8 29. Nxg7 Kxg7 30. Bxe5+ dxe5 31. Qxg5+ Kh8 32. Re3 Rg8 33. Rh3+ Qxh3 34. Qxg8+ Kxg8 35. gxh3 1-0